000 00562nam a2200193Ia 4500
003 GCL
008 140319s9999 xx 000 0 ara d
020 _a4026136977
040 _aGCL /
_cGCL
082 0 4 _a814.008
_bاا
100 1 _aانيس منصور
245 1 0 _aانت فى اليابان وبلاداخرى /
_cانيس منصور
260 _aالقاهرة :
_bالمكتب المصرى الحديث ،
_c1984
300 _a319 ص ؛
_c24سم
490 _a
650 0 4 _aالادب العربى
650 0 4 _aالرحلات
942 _2ddc
_cBK
999 _c33056
_d33056